000 00627cam a2200217 4500
001 BP5374768
008 t20012001mx a spa
020 _a968-18-1712-5
035 _aBP374768
050 0 4 _aQD31
_bM3 1992
100 1 _aMalone, Leo J.
245 1 0 _aIntroducción a la química /
_cLeo J. Malone.
250 _a1a ed.
260 _aMéxico :
_bLimusa,
_cc1992
300 _avii, 685 p. :
_bil. ;
_c24 cm.
506 _aRec. Prop. Esc.
504 _aIncluye apéndices, glosario e índices
500 _aTraducción de : Basic concepts of chemistry
650 7 _aQuímica
_2Lemb
942 _2lcc
_cLIB
999 _c83997
_d83997